Taylor Swift 23 - Statistics

General Stats
  • This quiz has been taken 14 times
    8 since last reset
  • The average score is 322 of 398
Answer Stats
Answer % Correct
a
100%
but
100%
I
100%
me
100%
no
100%
of
100%
on
100%
that
100%
the
100%
them
100%
they
100%
this
100%
to
100%
too
100%
up
100%
we
100%
what
100%
when
100%
why
100%
you
100%
and
88%
baby
88%
be
88%
by
88%
'cause
88%
didn't
88%
don't
88%
from
88%
get
88%
here
88%
if
88%
I'm
88%
in
88%
is
88%
it
88%
just
88%
know
88%
like
88%
love
88%
my
88%
now
88%
our
88%
ours
88%
say
88%
time
88%
was
88%
your
88%
you're
88%
ask
75%
bad
75%
can't
75%
cut
75%
cuts
75%
death
75%
for
75%
gave
75%
hand
75%
heart
75%
I'll
75%
it's
75%
lights
75%
long
75%
look
75%
not
75%
okay
75%
one
75%
over
75%
paper
75%
part
75%
pretend
75%
said
75%
see
75%
take
75%
thing
75%
thousand
75%
with
75%
ages
63%
alright
63%
am
63%
body
63%
chandelier's
63%
club
63%
comes
63%
country
63%
dress
63%
drug
63%
drunk
63%
enough
63%
even
63%
everywhere
63%
find
63%
flashbacks
63%
flickering
63%
goodbye
63%
great
63%
guess
63%
haunted
63%
hips
63%
home
63%
it'll
63%
kill
63%
land
63%
lawless
63%
morning
63%
much
63%
once
63%
one's
63%
only
63%
pages
63%
paper-thin
63%
plans
63%
saying
63%
searching
63%
share
63%
signs
63%
small
63%
spirit
63%
stand
63%
still
63%
stings
63%
story's
63%
though
63%
through
63%
touch
63%
town
63%
traffic
63%
united
63%
waking
63%
wasn't
63%
way
63%
windows
63%
wine
63%
writing
63%
boarded
50%
fears
50%
films
50%
songs
50%
trust
50%
tryna
50%
quiet
38%
No matching quizzes found
Score Distribution
Percent of People with Each Score
Percentile by Number Answered
Your Score History
You have not taken this quiz since the last reset